000
00237nam a2200109 a 4500
001
4144
005
20140414131946.0
008
090317s19uu xx 00 eng d
050
_a
TR 535.6
_b
C71 2005
245
_a
Colors.
999
_c
112679
_d
112679